000
00303nam a22001337a 4500
008
170403b xxu||||| |||| 00| 0 eng d
020
_a
9780139156533
041
_a
eng
080
_2
3ED
_a
574
100
_a
9
101
_a
SHM
245
_a
ECOLOGY THEORIESAND APPLICATIONS
_c
STILING.P
942
_2
udc
_c
BK
999
_c
9536
_d
9536